|
|
|
|
| LEADER |
05148nam a22004333i 4500 |
| 001 |
EBC6828233 |
| 003 |
MiAaPQ |
| 005 |
20231204023220.0 |
| 006 |
m o d | |
| 007 |
cr cnu|||||||| |
| 008 |
231204s2021 xx o ||||0 eng d |
| 020 |
|
|
|a 9782759234684
|q (electronic bk.)
|
| 035 |
|
|
|a (MiAaPQ)EBC6828233
|
| 035 |
|
|
|a (Au-PeEL)EBL6828233
|
| 035 |
|
|
|a (OCoLC)1291315883
|
| 040 |
|
|
|a MiAaPQ
|b eng
|e rda
|e pn
|c MiAaPQ
|d MiAaPQ
|
| 100 |
1 |
|
|a Basset-Mens, Claudine.
|
| 245 |
1 |
0 |
|a Life Cycle Assessment of Agri-Food Systems :
|b An Operational Guide Dedicated to Developing and Emerging Economies.
|
| 264 |
|
1 |
|a Versailles :
|b Quae,
|c 2021.
|
| 264 |
|
4 |
|c ©2023.
|
| 300 |
|
|
|a 1 online resource (213 pages)
|
| 336 |
|
|
|a text
|b txt
|2 rdacontent
|
| 337 |
|
|
|a computer
|b c
|2 rdamedia
|
| 338 |
|
|
|a online resource
|b cr
|2 rdacarrier
|
| 490 |
1 |
|
|a Savoir Faire Series
|
| 505 |
0 |
|
|a Intro -- Table of contents -- Preface -- Part 1 - Introduction -- 1. LCA within developing and emerging economies -- Land tenure issues -- Environmental vs. economic development concerns -- Most developing and emerging countries are located in the tropical zone -- Inadequate input issues -- Research and development priorities and capacities -- 2. The purpose of this operational guide -- 3. Standards, guidelines and tools -- 4. Preparation process and intended audience -- Part 2 - Agri-food LCA in developing and emerging contexts -- 5. State of the art of agri-food LCA -- 6. Specific challenges for agri-food LCA in developing and emerging contexts -- Diversity of agri-food systems due to specific natural conditions and combined socio-economic constraints -- Data gaps on the systems to be characterized -- Varying awareness and capacities of stakeholders -- 7. Established and emerging initiatives -- Part 3 - Overcoming the challenges for robust agri-food LCA in developing and emerging economies -- 8. Co-designing the study with stakeholders -- Overview of the approach -- Critical analysis of the demand, constraints and avoidance strategies -- The community of the study -- Working as a team in the field -- Management of ethics and rights for stakeholders -- System boundaries, typologies and sampling strategies -- 9. Building life cycle inventories -- Foreground data collection -- Direct field emissions -- Background data collection -- Quality management and critical review (CR) -- 10. Performing impact assessment -- Overview of available and recommended sets of LCIA methods -- Impact categories -- 11. Interpreting the results for each stakeholder category -- Accounting for uncertainty in LCA studies -- Comparing results with previous studies -- Sharing and communicating results to support decisions -- Part 4 - Conclusions and moving forward.
|
| 505 |
8 |
|
|a Part 5 - Appendices -- A. Guidelines / ISO Norms: a brief overview -- ISO, 2006. ISO - 14040:2006 - Environmental management - Life cycle assessment - Principles and framework, Environmental Management -- ISO, 2006. ISO - 14044:2006 - Environmental management - Life cycle assessment - Requirements and guidelines. Geneva -- B. Commonly used direct field emission models -- C. LCA resources -- Networks and platforms -- Databases and software -- Research and universities -- D. Data collection and confidentiality: check list and points of vigilance -- Data collection and confidentiality -- Points of vigilance -- Tools and best practices for data management -- E. Recommendations for designing a sampling protocol according to PAS 2050-1 -- F. Best practices for agri-food LCAs at the system level -- G. Free tools to model field emissions for LCI -- Emission models online -- GHG calculators -- H. Detailed guidance on impact categories -- Global Warming or Climate Change impact -- Soil quality impact -- Human toxicity and ecotoxicity -- Biodiversity due to LULUC -- Water scarcity footprint -- I. LCIA methods recommended by the Life Cycle Initiative and EF 3.0 -- J. Detailed guidance on the use of the qualitative assessment of data in LCA according to the European PEFCR Guidance (EC 2018) -- Qualitative diagnosis -- Uncertainty approximation -- K. How to display LCA results while avoiding bias due to visualization choices? -- Refer to "useful ink" concept -- Which type of graph is the most effective for most LCIA results? (histograms) -- References -- Glossary -- Abbreviations -- List of authors.
|
| 588 |
|
|
|a Description based on publisher supplied metadata and other sources.
|
| 590 |
|
|
|a Electronic reproduction. Ann Arbor, Michigan : ProQuest Ebook Central, 2023. Available via World Wide Web. Access may be limited to ProQuest Ebook Central affiliated libraries.
|
| 655 |
|
4 |
|a Electronic books.
|
| 700 |
1 |
|
|a Avadí, Angel.
|
| 700 |
1 |
|
|a Bessou, Cécile.
|
| 700 |
1 |
|
|a Acosta-Alba, Ivonne.
|
| 700 |
1 |
|
|a Biard, Yannick.
|
| 700 |
1 |
|
|a Payen, Sandra.
|
| 776 |
0 |
8 |
|i Print version:
|a Basset-Mens, Claudine
|t Life Cycle Assessment of Agri-Food Systems
|d Versailles : Quae,c2021
|
| 797 |
2 |
|
|a ProQuest (Firm)
|
| 830 |
|
0 |
|a Savoir Faire Series
|
| 856 |
4 |
0 |
|u https://ebookcentral.proquest.com/lib/matrademy/detail.action?docID=6828233
|z Click to View
|